Textbook of hydrometallurgy

Guardat en:
Dades bibliogràfiques
Autor principal: Habashi, Fathi (Autor)
Format: Llibre
Idioma:anglès
Publicat: Quebec Métallurgie Extractive Québec 1999
Edició:2a. ed
Matèries:
Etiquetes: Afegir etiqueta
Sense etiquetes, Sigues el primer a etiquetar aquest registre!

MARC

LEADER 00000cam a2200000 a 4500
001 UCF7573
003 CL-VaPUC
008 130627e19990000CN |||||||||||||||||eng|d
020 |a 2980324779 
082 0 4 |a 669.0283  |b HAB  |2 21 
100 |a Habashi, Fathi  |e author  |9 622016 
245 1 0 |a Textbook of hydrometallurgy 
250 |a 2a. ed 
300 |a 739 p 
942 |c BK 
945 |d 20130627 00:00:00  |a dcastane 
260 |a Quebec  |b Métallurgie Extractive Québec  |c 1999 
650 0 |a Hidrometalurgia  |9 352265 
650 7 |a QUIMICA DE LAS SOLUCIONES  |2 CL-VaPUC  |9 569621 
650 0 |a Estados de la Materia  |9 347141 
650 0 |a Metales   |9 260686 
650 0 |a Solventes  |9 352268 
650 7 |a SILICATOS  |2 CL-VaPUC  |9 352269 
583 |a last modification  |c 20130627 13:18:00  |k Rodrigo Vera 
999 |c 352390  |d 352388 
952 |0 0  |1 0  |4 0  |6 669_028300000000000_HAB_1999  |7 0  |8 A  |9 456897  |a BIBING  |b BIBING  |d 2019-11-22  |i 4981715  |o 669.0283 HAB 1999  |p 4981715  |r 2025-01-20  |w 2019-11-22  |y BK  |k EIQ